00455nam a2200157Ia 4500008004100000040001900041041001200060082002500072100003000097245006300127260002600190300002400216440003000240650000800270850001900278131103s9999 xx 000 0 und d aLoreto College aEnglish a740N/VELbLCBED/2260 aFerrari, Enrique Lafuente aVelasquezb infants and infants cEnrique Lafuente Ferrari aLondonbMethuenc1961 a16p.b ill.c 15cm. aThe little library of art aArt aLCBED/740N/VEL